000 01088cam a2200361 4500
001 3967
003 FISKH
005 20250327085618.0
008 720725s1972 nyua j 000 1 eng
010 _a 71085028
020 _a0060246553
_a0060246561 (lib. ed.)
020 _a9780064442053
040 _aDLC
_cDLC
_dDLC
_beng
042 _alcac
050 0 0 _aPZ7.P219
_bPl
082 0 0 _a 823.9
100 1 _aParish, Peggy.
245 1 0 _aPlay ball, Amelia Bedelia /
_cby Peggy Parish ; Pictures by Wallace Tripp
260 _aNew York,
_bHarper Collins,
_c1972
300 _a64 pages :
_bcolor illustrations ;
_c23 cm.
350 _a$2.92
490 0 _aAn I can read book
505 _aI
520 _aAmelia Bedelia, who knows very little about baseball, stands in for a sick player during a game.
521 8 _a460
_bLexile
521 8 _aI
_bRaz-Plus
650 1 _aBaseball
_xFiction.
650 1 _aHumorous stories.
700 1 _aTripp, Wallace,
_eillustrator
906 _a7
_bcbc
_corignew
_d2
_eopcn
_f19
_gy-gencatlg
942 _2ddc
_cBK
_n0
999 _c3967
_d3967